[Event "Foment Martinenc op-C 23rd"]
[Site "Barcelona"]
[Date "2023.06.10"]
[Round "8"]
[White "Marzo Ruiz, Xavier"]
[Black "Lambert, Paul Michael"]
[Result "0-1"]
[WhiteElo "1346"]
[BlackElo "1461"]
[PlyCount "95"]
[EventDate "2023.04.22"]
[EventType "swiss"]
[EventRounds "9"]
[EventCountry "ESP"]
[SourceTitle "EXT 2024"]
[Source "ChessBase"]
[SourceDate "2023.10.10"]
[SourceVersion "1"]
[SourceVersionDate "2023.10.10"]
[SourceQuality "1"]

1. e4 c6 2. d4 d5 3. Nc3 dxe4 4. Nxe4 Nf6 5. Nxf6+ exf6 6. Nf3 Bd6 7. Be2 0-0 8. 0-0 Bg4 9. h3 Be6 10. Bd2 Nd7 11. Rc1 Re8 12. c4 b6 13. Be3 Rc8 14. Qb3 Nf8 15. Rfd1 Ng6 16. Bf1 Ne7 17. d5 cxd5 18. cxd5 Rxc1 19. Bxc1 Nxd5 20. Nd4 Qc7 21. Nb5 Bh2+ 22. Kh1 Qe5 23. g3 Bxg3 24. Qxg3 Qh5 25. f3 h6 26. Rd4 Qf5 27. Nd6 Qe5 28. Qxe5 fxe5 29. Rxd5 Rd8 30. Rxe5 Rxd6 31. Re2 Rd1 32. Rc2 Rxf1+ 33. Kg2 Rd1 34. Be3 Rd3 35. Re2 Bxa2 36. b4 Bc4 37. Bf4 Kf8 38. Bb8 a6 39. Ba7 b5 40. Bc5+ Kg8 41. Re8+ Kh7 42. Ra8 Bd5 43. Rxa6 Bxf3+ 44. Kh2 Bd5 45. Rb6 Bc4 46. Be7 Rb3 47. Rc6 h5 48. Rxc4 0-1

[Event "Foment Martinenc op-C 23rd"]
[Site "Barcelona"]
[Date "2023.04.29"]
[Round "2"]
[White "Carrasco Gomez, Ariadna"]
[Black "Lambert, Paul Michael"]
[Result "1-0"]
[WhiteElo "1526"]
[BlackElo "1461"]
[PlyCount "79"]
[EventDate "2023.04.22"]
[EventType "swiss"]
[EventRounds "9"]
[EventCountry "ESP"]
[SourceTitle "EXT 2024"]
[Source "ChessBase"]
[SourceDate "2023.10.10"]
[SourceVersion "1"]
[SourceVersionDate "2023.10.10"]
[SourceQuality "1"]

1. e4 c6 2. d4 d5 3. exd5 cxd5 4. Bd3 Nc6 5. c3 Nf6 6. h3 g6 7. Nf3 Bf5 8. Be2 e6 9. Be3 Qc7 10. Nbd2 Bd6 11. a4 a6 12. Nb3 e5 13. dxe5 Nxe5 14. Nxe5 Bxe5 15. Nd4 Be6 16. Nf3 Bd6 17. Bd4 Be7 18. Be5 Qd7 19. Qd4 Qd8 20. 0-0 0-0 21. Qf4 Nh5 22. Qd2 Nf6 23. Qh6 Ne8 24. Bd3 Bf6 25. Bxf6 Qxf6 26. Ng5 Qg7 27. Qh4 Bd7 28. Rfe1 Nd6 29. Rad1 Rfe8 30. Bc2 Rxe1+ 31. Rxe1 Rc8 32. Re7 Rc4 33. Qg3 Nf5 34. Bxf5 Bxf5 35. Re8+ Qf8 36. Rxf8+ Kxf8 37. Nxh7+ Kg7 38. Ng5 Rxa4 39. Qe5+ Kh6 40. Nxf7+ 1-0

[Event "Barcelona Sant Marti op-B 22nd"]
[Site "Barcelona"]
[Date "2022.07.20"]
[Round "8"]
[White "Gallego Obrador, Aaron"]
[Black "Lambert, Paul Michael"]
[Result "1-0"]
[WhiteElo "1648"]
[BlackElo "1406"]
[PlyCount "75"]
[EventDate "2022.07.13"]
[EventType "swiss"]
[EventRounds "9"]
[EventCountry "ESP"]
[SourceTitle "CBM 210 Extra"]
[Source "ChessBase"]
[SourceDate "2022.11.30"]
[SourceVersion "1"]
[SourceVersionDate "2022.11.30"]
[SourceQuality "1"]

1. d4 d5 2. c4 c6 3. Nc3 Nf6 4. Bf4 e6 5. e3 Nbd7 6. Nf3 Be7 7. h3 0-0 8. c5 Qa5 9. a3 Ne4 10. b4 Nxc3 11. Qc2 Qd8 12. Qxc3 a5 13. b5 cxb5 14. Bxb5 Nf6 15. 0-0 Ne4 16. Qc2 Bd7 17. Rfb1 f6 18. Rb2 Ng5 19. Nxg5 fxg5 20. Bg3 Rc8 21. Bd3 Bc6 22. Bxh7+ Kh8 23. Bd3 Qd7 24. Qe2 Rf6 25. Rab1 Rcf8 26. Bb5 e5 27. Bxc6 Qxc6 28. Rxb7 Bxc5 29. dxc5 Qxc5 30. Bxe5 R6f7 31. Rxf7 Rxf7 32. Qh5+ Kg8 33. Rb8+ Rf8 34. Qxg5 Qa7 35. Rxf8+ Kxf8 36. Qd8+ Kf7 37. Qxd5+ Kf8 38. Bd6+ 1-0

[Event "Barcelona Sant Marti op-B 22nd"]
[Site "Barcelona"]
[Date "2022.07.19"]
[Round "7"]
[White "Lambert, Paul Michael"]
[Black "Subirana Santos, Marc"]
[Result "1-0"]
[WhiteElo "1406"]
[BlackElo "1559"]
[PlyCount "103"]
[EventDate "2022.07.13"]
[EventType "swiss"]
[EventRounds "9"]
[EventCountry "ESP"]
[SourceTitle "CBM 210 Extra"]
[Source "ChessBase"]
[SourceDate "2022.11.30"]
[SourceVersion "1"]
[SourceVersionDate "2022.11.30"]
[SourceQuality "1"]

1. d4 Nf6 2. Bf4 g6 3. Nc3 Bg7 4. e4 d6 5. Qd2 Nc6 6. Nf3 Bg4 7. 0-0-0 e5 8. dxe5 dxe5 9. Qxd8+ Nxd8 10. Bxe5 c6 11. Rd6 Be6 12. Ng5 0-0 13. Nxe6 Nxe6 14. Bxf6 Bxf6 15. Bc4 Bg5+ 16. Kb1 Nc5 17. b4 Na6 18. Bxa6 bxa6 19. Rxc6 Rfb8 20. Nd5 a5 21. c3 axb4 22. cxb4 a5 23. f4 Bd8 24. Rhc1 axb4 25. Kb2 Kg7 26. R1c4 Ba5 27. Kb3 Rb7 28. g4 Rba7 29. Rc8 Bd8 30. Rxa8 Rxa8 31. Rxb4 Bh4 32. a4 Be1 33. Rb5 Rc8 34. a5 Rc1 35. a6 Rb1+ 36. Kc4 Rc1+ 37. Kd3 Ra1 38. Nc7 Ba5 39. Ne8+ Kh6 40. a7 Be1 41. Rb7 Bf2 42. Rxf7 Rxa7 43. Rxa7 Bxa7 44. e5 Bc5 45. Ke4 g5 46. f5 Bg1 47. h3 Bc5 48. Kd5 Bb4 49. e6 Bc3 50. Kd6 Bb4+ 51. Kd7 Ba3 52. Nd6 1-0

[Event "Roncana op-B 13th"]
[Site "Santa Eulalia de Roncana"]
[Date "2019.10.19"]
[Round "4"]
[White "Lambert, Paul Michael"]
[Black "Boix Redorta, Roc"]
[Result "0-1"]
[WhiteElo "1353"]
[BlackElo "1577"]
[PlyCount "80"]
[EventDate "2019.09.28"]
[EventType "swiss"]
[EventRounds "8"]
[EventCountry "ESP"]
[SourceTitle "CBM 193 Extra"]
[Source "ChessBase"]
[SourceDate "2020.01.31"]
[SourceVersion "1"]
[SourceVersionDate "2020.01.31"]
[SourceQuality "1"]

1. d4 Nf6 2. Nc3 d5 3. Bf4 c6 4. b3 Bf5 5. e3 e6 6. a3 Bd6 7. Bxd6 Qxd6 8. Nf3 Nbd7 9. Bd3 Bg6 10. Qe2 e5 11. e4 0-0-0 12. 0-0 dxe4 13. Nxe4 Nxe4 14. Bxe4 exd4 15. Bxg6 hxg6 16. Rfd1 Rde8 17. Qc4 Ne5 18. Nxe5 Rxe5 19. g3 Qd7 20. Rxd4 Qh3 21. Rh4 Rxh4 22. Qxh4 Qxh4 23. gxh4 Re4 24. Kg2 Rxh4 25. Re1 Kd7 26. Kg3 Rd4 27. Kf3 Rd2 28. c4 Kd6 29. b4 Rd3+ 30. Re3 Rxe3+ 31. fxe3 Ke5 32. h4 b5 33. cxb5 cxb5 34. Ke2 Ke4 35. Kf2 f6 36. Ke2 g5 37. hxg5 fxg5 38. Kf2 g4 39. Kg3 Kxe3 40. Kxg4 Kd3 0-1

[Event "Llinars del Valles op-B 13th"]
[Site "Llinars del Valles"]
[Date "2019.06.15"]
[Round "8"]
[White "Garcia Encinas, Jan"]
[Black "Lambert, Paul Michael"]
[Result "0-1"]
[WhiteElo "1410"]
[BlackElo "1293"]
[PlyCount "58"]
[EventDate "2019.03.30"]
[EventType "swiss"]
[EventRounds "8"]
[EventCountry "ESP"]
[SourceTitle "EXT 2021"]
[Source "ChessBase"]
[SourceDate "2020.10.23"]
[SourceVersion "1"]
[SourceVersionDate "2020.10.23"]
[SourceQuality "1"]

1. d4 d5 2. c4 e6 3. Nc3 Nf6 4. Bf4 Be7 5. Nf3 0-0 6. e3 b6 7. Be2 Bb7 8. 0-0 Nbd7 9. Rc1 c5 10. cxd5 Nxd5 11. e4 Nxf4 12. Qd2 Nxe2+ 13. Qxe2 Bg5 14. Rcd1 Qe7 15. Nxg5 Qxg5 16. dxc5 Nxc5 17. b4 Ba6 18. b5 Bb7 19. Rd2 f5 20. f3 fxe4 21. fxe4 Rxf1+ 22. Kxf1 Rf8+ 23. Ke1 Qe5 24. Rc2 Qxh2 25. Qe3 Qh1+ 26. Kd2 Rd8+ 27. Ke2 Qxg2+ 28. Qf2 Qg4+ 29. Ke1 Nd3+ 0-1

[Event "Llinars del Valles op-B 13th"]
[Site "Llinars del Valles"]
[Date "2019.06.08"]
[Round "7"]
[White "Lambert, Paul Michael"]
[Black "Marugan Sanchez Gallegos, Daniel"]
[Result "0-1"]
[WhiteElo "1293"]
[BlackElo "1460"]
[PlyCount "94"]
[EventDate "2019.03.30"]
[EventType "swiss"]
[EventRounds "8"]
[EventCountry "ESP"]
[SourceTitle "EXT 2021"]
[Source "ChessBase"]
[SourceDate "2020.10.23"]
[SourceVersion "1"]
[SourceVersionDate "2020.10.23"]
[SourceQuality "1"]

1. d4 d5 2. Bf4 Nf6 3. Nf3 e6 4. e3 c5 5. c3 Bd6 6. Bg3 Qc7 7. Ne5 Ne4 8. f4 cxd4 9. exd4 Nd7 10. Nd2 0-0 11. Bd3 f5 12. Ndf3 Qd8 13. Bh4 Be7 14. Bxe7 Qxe7 15. h4 Rf6 16. Ng5 Nxe5 17. dxe5 Rf8 18. Qf3 h6 19. Nxe4 dxe4 20. Bxe4 fxe4 21. Qxe4 Qc5 22. 0-0-0 Qa5 23. Kb1 Rd8 24. g4 Qc7 25. Rxd8+ Qxd8 26. h5 Qd5 27. Qxd5 exd5 28. f5 Bd7 29. Rd1 Bc6 30. c4 dxc4 31. Rd6 Kf7 32. f6 Be4+ 33. Kc1 gxf6 34. Rxf6+ Kg7 35. Rf4 Bd3 36. e6 Rf8 37. Rd4 Kf6 38. Rf4+ Ke7 39. Rxf8 Kxf8 40. Kd2 Ke7 41. b3 b5 42. Kc3 Kxe6 43. g5 hxg5 44. bxc4 bxc4 45. h6 Kf6 46. h7 Kg7 47. a4 Kxh7 0-1

[Event "Llinars del Valles op-B 13th"]
[Site "Llinars del Valles"]
[Date "2019.06.01"]
[Round "6"]
[White "Codina Rodriguez, Joan"]
[Black "Lambert, Paul Michael"]
[Result "0-1"]
[WhiteElo "1529"]
[BlackElo "1293"]
[PlyCount "80"]
[EventDate "2019.03.30"]
[EventType "swiss"]
[EventRounds "8"]
[EventCountry "ESP"]
[SourceTitle "EXT 2020"]
[Source "ChessBase"]
[SourceDate "2019.10.17"]
[SourceVersion "1"]
[SourceVersionDate "2019.10.17"]
[SourceQuality "1"]

1. e4 e5 2. Nf3 Nc6 3. a3 Bc5 4. g3 Nf6 5. b4 Bb6 6. d3 d6 7. h3 a6 8. Bg2 Be6 9. 0-0 Qd7 10. Ng5 h6 11. Nxe6 Qxe6 12. c3 0-0-0 13. Nd2 d5 14. exd5 Nxd5 15. Bb2 f5 16. Re1 Qg6 17. c4 Nde7 18. Qf3 e4 19. Qd1 Rxd3 20. c5 Ba7 21. Bf1 Rd7 22. Qc2 Nd5 23. Rad1 e3 24. Nf3 exf2+ 25. Kxf2 Rhd8 26. Nh4 Qg5 27. Nxf5 Ndxb4 28. axb4 Rd2+ 29. Rxd2 Rxd2+ 30. Qxd2 Qxd2+ 31. Re2 Qxb4 32. Re8+ Kd7 33. Re2 Qxc5+ 34. Ne3 Qf5+ 35. Kg2 Qe4+ 36. Kh2 Bxe3 37. h4 Ne5 38. Bg2 Bg1+ 39. Kxg1 Qxe2 40. Bh3+ Ng4 0-1

[Event "Llinars del Valles op-B 13th"]
[Site "Llinars del Valles"]
[Date "2019.04.27"]
[Round "3"]
[White "Lambert, Paul Michael"]
[Black "Apinyan, Marc"]
[Result "1-0"]
[WhiteElo "1293"]
[BlackElo "1380"]
[PlyCount "95"]
[EventDate "2019.03.30"]
[EventType "swiss"]
[EventRounds "8"]
[EventCountry "ESP"]
[SourceTitle "EXT 2020"]
[Source "ChessBase"]
[SourceDate "2019.10.17"]
[SourceVersion "1"]
[SourceVersionDate "2019.10.17"]
[SourceQuality "1"]

1. d4 d5 2. Bf4 Nf6 3. Nf3 e6 4. e3 Be7 5. c4 Nbd7 6. Nc3 b6 7. cxd5 exd5 8. Bb5 0-0 9. Bc6 Ba6 10. Qa4 Bc4 11. b3 Bd3 12. Bxa8 Qxa8 13. Rd1 Be4 14. Nxe4 dxe4 15. Nd2 a5 16. Qc4 c5 17. d5 Qxd5 18. Qxd5 Nxd5 19. Nxe4 N7f6 20. Nxf6+ Nxf6 21. Bd6 Bxd6 22. Rxd6 Rb8 23. f3 h6 24. Ke2 b5 25. Rhd1 Kh7 26. a4 bxa4 27. bxa4 Rb4 28. Ra1 Rb2+ 29. Rd2 Rb4 30. Kd1 c4 31. Kc2 Rb3 32. Rd4 Rxe3 33. Rxc4 Re2+ 34. Kd3 Rxg2 35. Rc5 Rxh2 36. Rxa5 Rh3 37. Ke2 Kg6 38. Rb5 Nd7 39. Rg1+ Kf6 40. Ra1 Rh2+ 41. Ke3 Rc2 42. a5 Rc8 43. a6 Ra8 44. Kd4 Ke6 45. Rb2 Nb8 46. Rb6+ Ke7 47. Kd5 Nxa6 48. Raxa6 1-0

[Event "Llinars del Valles op-B 13th"]
[Site "Llinars del Valles"]
[Date "2019.03.30"]
[Round "1"]
[White "Lambert, Paul Michael"]
[Black "Rueda Medina, Alex"]
[Result "1/2-1/2"]
[WhiteElo "1293"]
[BlackElo "1603"]
[PlyCount "71"]
[EventDate "2019.03.30"]
[EventType "swiss"]
[EventRounds "8"]
[EventCountry "ESP"]
[SourceTitle "EXT 2020"]
[Source "ChessBase"]
[SourceDate "2019.10.17"]
[SourceVersion "1"]
[SourceVersionDate "2019.10.17"]
[SourceQuality "1"]

1. d4 Nf6 2. Bf4 e6 3. Nf3 d5 4. e3 Bd6 5. Bg3 0-0 6. Nbd2 Qe7 7. Ne5 Nbd7 8. Bd3 Ne8 9. Qe2 f6 10. Bxh7+ Kxh7 11. Qh5+ Kg8 12. Ng6 Qd8 13. Qh8+ Kf7 14. Nxf8 Nxf8 15. Qh5+ Kg8 16. f4 f5 17. Bh4 Be7 18. Bxe7 Qxe7 19. g4 Nf6 20. Qh3 Nxg4 21. Rg1 Bd7 22. Rg2 Bc6 23. 0-0-0 Re8 24. Rdg1 Qd7 25. Qf3 Re7 26. h3 Nf6 27. h4 Ng4 28. h5 Kf7 29. Nb3 b6 30. Nd2 Ke8 31. Qe2 Bb5 32. Qe1 Nh7 33. Nf3 Nhf6 34. Ne5 Nxe5 35. fxe5 Ng4 36. Rg3 1/2-1/2